Anthropocentrism and its discontents : the moral status animals in the history of Western philosophy

Saved in:
Bibliographic Details
Main Author: Steiner, Gary 1956-
Format: Book
Language:English
Published: Pittsburgh : University of Pittsburgh Press, 2005
Subjects:
Tags: Add Tag
No Tags, Be the first to tag this record!

MARC

LEADER 00000nam a2200000 i 4500
001 1/76511
008 080303s2005 eng d
020 |a 0-8229-4269-0 
035 |l 10095203 
040 |a GR-MY-UA  |b gre  |e aacr 
041 0 |a eng 
082 0 |a 179.3  |2 (22) 
100 1 |a Steiner, Gary  |d 1956- 
245 1 0 |a Anthropocentrism and its discontents :  |b the moral status animals in the history of Western philosophy /  |c Gary Steiner 
260 |a Pittsburgh :   |b University of Pittsburgh Press,   |c 2005 
300 |a ix, 332 σ. 
504 |a Βιβλιογραφία: σ. 311-332 
650 0 0 |a Animal welfare  |x Moral and ethical aspects. 
650 0 0 |a Animal welfare  |x Religious aspects. 
852 |a INST  |b LESVOS  |e 20080303  |h 179.3 STE  |p 005100040614  |q 005100040614  |t BK  |y 0 
901 |a BIBL1-2008-1 
909 |a Λ  |b 144607 
922 |a 1ΕΛΗ  |b 200801  |c ΕΠΕΑΕΚ2/ΤΠ  |d ΠΑΠΑΣΩΤΗΡΙΟΥ 
970 |a ΧΑΤΖΗΜΙΧΑΗΛ  |b ΜΑΡΙΑ  |z 2008/03/03